The psychology of work and human performance

Αποθηκεύτηκε σε:
Λεπτομέρειες βιβλιογραφικής εγγραφής
Κύριος συγγραφέας: Smither, Robert D.
Μορφή: Βιβλίο
Γλώσσα:English
Δημοσίευση: New York : Longman, 1998
Έκδοση:3rd ed.
Θέματα:
Ετικέτες: Προσθήκη ετικέτας
Δεν υπάρχουν, Καταχωρήστε ετικέτα πρώτοι!

MARC

LEADER 00000nam a2200000 i 4500
001 1/58616
008 980525s1998 eng d
020 |a 0321012569 
035 |l 10028396 
040 |a GR-MY-UA  |b gre  |e aacr 
041 0 |a eng 
082 0 |a 158.7 
100 1 |a Smither, Robert D. 
245 1 4 |a The psychology of work and human performance /  |c Robert D. Smither 
250 |a 3rd ed. 
260 |a New York :   |b Longman,   |c 1998 
300 |a xviii, 590 σ. 
504 |a Περιλαμβάνει βιβλιογραφία και ευρετήριο 
650 0 0 |a Psychology, Industrial. 
650 0 0 |a Personnel management. 
852 |a INST  |b CHIOS  |e 19980525  |h 158.7 SMI  |p 005200016438  |q 005200016438  |t BK  |y 0 
901 |a BIBL-1998-2 
909 |a Χ  |b 056243 
922 |a 2ΕΛΗ  |b 199805  |c ΤΔΕ  |d ΠΑΠΑΣΩΤΗΡΙΟΥ